000
00411nam a2200145Ia 4500
008
100204s9999 xx 000 0 und d
082
_b
9462
100
_a
वर्दे मोहिनी
245
_a
टीझर
260
_b
"डिंंंंप्ंाल पब्लिकेशन, वसई"
_c
1987
300
_a
112
630
_a
टीझर
730
_a
टीझर
942
_c
BOOK
999
_c
453898
_d
453895